О динамических аспектах консолидации частиц в процессах адгезионного гранулирования; Методы исследования в химии и химической технологии

Dades bibliogràfiques
Parent link:Методы исследования в химии и химической технологии.— 1986.— С. 24-28
Autor principal: Гусев В. П.
Sumari:Деп. в ОНИИТЭХИМ, г. Черкассы, 18.07.86, № 897-ХП-86.
Idioma:rus
Publicat: 1986
Matèries:
Format: MixedMaterials Capítol de llibre
KOHA link:https://koha.lib.tpu.ru/cgi-bin/koha/opac-detail.pl?biblionumber=594215

MARC

LEADER 00000naa0a2200000 4500
001 594215
005 20250203145526.0
035 |a (RuTPU)RU\TPU\tpu\8628 
035 |a RU\TPU\tpu\8625 
090 |a 594215 
100 |a 20020520d1986 k y0rusy50 ca 
101 0 |a rus 
102 |a RU 
200 1 |a О динамических аспектах консолидации частиц в процессах адгезионного гранулирования   |f В. П. Гусев 
300 |a Деп. в ОНИИТЭХИМ, г. Черкассы, 18.07.86, № 897-ХП-86. 
463 |t Методы исследования в химии и химической технологии  |o материлы научно-практической конференции (Томск, 20-22 мая 1986)  |o секция "Процессы, машины и аппараты химических производств"  |v С. 24-28  |d 1986 
610 1 |a труды учёных ТПУ 
700 1 |a Гусев  |b В. П.  |c кандидат технических наук  |c ХТФ  |f 1946-  |3 (RuTPU)RU\TPU\pers\3598 
801 2 |a RU  |b 63413507  |c 20100128  |g PSBO 
942 |c BK